Gaming Quiz

Random Gaming or Letter Quiz

Pokémon by Last Letter (Gen I) Quiz Stats

 Plays Quiz Updated Oct 19, 2016

Challenge
Share
Tweet
Embed
Score 0/22 Timer 03:00
1 Play Today
Letter Pokémon % Correct
ARattata, Abra, Ponyta...
91.2%
ESquirtle, Caterpie...
84.8%
OMewtwo, Articuno, Dugtrio...
68%
RBulbasaur, Charmander, Graveler...
68%
DCharizard, Farfetch'd, Metapod
67.3%
NGoldeen, Charmeleon, Flareon...
64.7%
SZapdos, Moltres, Ekans...
62.4%
XSnorlax, Onix, Vulpix...
57.1%
WSpearow, Mew, Sandshrew...
54.3%
GKoffing, Poliwag, Nidoking...
54.1%
HMeowth, Oddish, Rapidash...
52.9%
Letter Pokémon % Correct
KPsyduck, Arbok, Muk...
52.6%
LBeedrill, Tentacool, Seel...
52.1%
YPidgey, Clefairy, Mankey...
51.2%
UPikachu, Staryu, Raichu
50.9%
TDiglett, Zubat, Pidgeot...
48.4%
MAlakazam, Golem, Gloom
44.4%
BVoltorb
41.7%
FJigglypuff, Wigglytuff
32%
PMagikarp, Machop, Machamp
31.5%
IDratini
30.2%
ZElectabuzz
26.8%

You're not logged in!

Compare scores with friends on all Sporcle quizzes.
Join for Free
OR
Log In

You Might Also Like...

Show Comments

Extras

Top Quizzes Today


Score Distribution

Your Account Isn't Verified!

In order to create a playlist on Sporcle, you need to verify the email address you used during registration. Go to your Sporcle Settings to finish the process.

Report this User

Report this user for behavior that violates our Community Guidelines.

Details: